| 000 | 00423pab a2200157 454500 | ||
|---|---|---|---|
| 008 | 180718b2008 xxu||||| |||| 00| 0 eng d | ||
| 100 | _aWright, Joseph | ||
| 245 | _aTo invest or insure? How authoritarian time horizons impact foreign aid effectiveness | ||
| 260 | _c2008 | ||
| 300 | _ap.971-1000. | ||
| 362 | _aJul | ||
| 650 | _aForeign aid | ||
| 773 | _aComparative Political Studies | ||
| 908 | _aN | ||
| 909 | _a79150 | ||
| 999 |
_c79150 _d79150 |
||